Estadística aplicada a las ciencias de la salud /
Guardado en:
| Autor Principal: | |
|---|---|
| Formato: | Libro |
| Idioma: | Spanish |
| Publicado: |
[Madrid] :
Díaz de Santos,
c2007.
|
| Materias: | |
| Etiquetas: |
Agregar Etiqueta
Sin Etiquetas, Sea el primero en etiquetar este registro!
|
| LEADER | 00677nam a22001935a 4500 | ||
|---|---|---|---|
| 001 | EUN.eunm004607 | ||
| 008 | 130425s2007####sp#a#####b####001#0#spa#d | ||
| 005 | 20250911091707.0 | ||
| 245 | 1 | 0 | |a Estadística aplicada a las ciencias de la salud / |c Rafael Alvarez Cáceres. |
| 260 | |a [Madrid] : |b Díaz de Santos, |c c2007. | ||
| 300 | |a xxxii, 996 p. : |b il. ; |c 25 cm. | ||
| 504 | |a Incluye referencias bibliográficas e índice. | ||
| 020 | |a 9788479788230 | ||
| 100 | 1 | |a Álvarez Cáceres, Rafael. | |
| 082 | 0 | 4 | |a 610.72 |2 21 |
| 650 | 7 | |a Medicina. |2 unbist | |
| 650 | 7 | |a Salud. |2 unbist | |
| 650 | 7 | |a Estadística. |2 unbist | |
| 859 | |a AR-BaUNS |b BIB. CENTRAL - Sector A - CS |h 610.72 |i AL86-1 |p 123638/013 | ||
